School mastery :straight talk about boarding school management in Kenya / (Record no. 1009)
| 000 -LEADER | |
|---|---|
| fixed length control field | 00999nam a2200313 a 4500 |
| 001 - CONTROL NUMBER | |
| control field | 3977074 |
| 003 - CONTROL NUMBER IDENTIFIER | |
| control field | OSt |
| 005 - DATE AND TIME OF LATEST TRANSACTION | |
| control field | 20140116120843.0 |
| 008 - FIXED-LENGTH DATA ELEMENTS--GENERAL INFORMATION | |
| fixed length control field | 950126s1994 ke a b 001 0 eng |
| 010 ## - LIBRARY OF CONGRESS CONTROL NUMBER | |
| LC control number | 94983330 |
| 020 ## - INTERNATIONAL STANDARD BOOK NUMBER | |
| International Standard Book Number | 9966901000 |
| 040 ## - CATALOGING SOURCE | |
| Original cataloging agency | DLC |
| Transcribing agency | DLC |
| 042 ## - AUTHENTICATION CODE | |
| Authentication code | lcode |
| 043 ## - GEOGRAPHIC AREA CODE | |
| Geographic area code | f-ke--- |
| 050 00 - LIBRARY OF CONGRESS CALL NUMBER | |
| Classification number | LC55.K4 G75 1994 |
| 082 00 - DEWEY DECIMAL CLASSIFICATION NUMBER | |
| Classification number | 373.2/22/096762 |
| Edition number | 20 |
| 100 1# - MAIN ENTRY--PERSONAL NAME | |
| Personal name | Griffin, Geoffrey, |
| Dates associated with a name | 1933- |
| 245 10 - TITLE STATEMENT | |
| Title | School mastery :straight talk about boarding school management in Kenya / |
| Statement of responsibility, etc | by Geoffrey Griffin. |
| 250 ## - EDITION STATEMENT | |
| Edition statement | 1st ed. |
| 260 ## - PUBLICATION, DISTRIBUTION, ETC. (IMPRINT) | |
| Place of publication, distribution, etc | Nairobi : |
| Name of publisher, distributor, etc | Lectern Publications Ltd., |
| Date of publication, distribution, etc | 1994. |
| 300 ## - PHYSICAL DESCRIPTION | |
| Extent | 109 p. : |
| Other physical details | ill. ; |
| Dimensions | 21 cm. |
| 500 ## - GENERAL NOTE | |
| General note | Includes index. |
| 504 ## - BIBLIOGRAPHY, ETC. NOTE | |
| Bibliography, etc | Includes bibliographical references. |
| 650 #0 - SUBJECT ADDED ENTRY--TOPICAL TERM | |
| Topical term or geographic name as entry element | Boarding schools |
| Geographic subdivision | Kenya |
| General subdivision | Administration. |
| 650 #0 - SUBJECT ADDED ENTRY--TOPICAL TERM | |
| Topical term or geographic name as entry element | School supervision |
| Geographic subdivision | Kenya. |
| 906 ## - LOCAL DATA ELEMENT F, LDF (RLIN) | |
| a | 7 |
| b | cbc |
| c | origode |
| d | 3 |
| e | ncip |
| f | 19 |
| g | y-gencatlg |
| 942 ## - ADDED ENTRY ELEMENTS (KOHA) | |
| Source of classification or shelving scheme | |
| Koha item type | Book |
| Withdrawn status | Lost status | Source of classification or shelving scheme | Damaged status | Not for loan | Home library | Current library | Date acquired | Total Checkouts | Full call number | Barcode | Date last seen | Date checked out | Copy number | Price effective from | Koha item type |
|---|---|---|---|---|---|---|---|---|---|---|---|---|---|---|---|
| Riara University Library | Riara University Library | 08/10/2012 | 1 | LC55.K4 G75 1994 | 3584/12 | 27/11/2012 | 27/11/2012 | C.1 | 08/10/2012 | Book | |||||
| Riara University Library | Riara University Library | 08/10/2012 | 1 | LC55.K4 G75 1994 | 3583/12 | 27/11/2012 | 27/11/2012 | C.2 | 08/10/2012 | Book | |||||
| Riara University Library | Riara University Library | 08/10/2012 | 1 | LC55.K4 G75 1994 | 3582/12 | 27/11/2012 | 27/11/2012 | C.3 | 08/10/2012 | Book |
